The Best 'of' Pictures Quiz Stats

 Plays Quiz Updated Mar 5, 2018

Challenge
Share
Tweet
Embed
Score 0/12 Timer 05:00
3 Plays Today
Best Picture Winner % Correct
The Shape of Water
57.2%
The Lord of the Rings: The Return of the King
54.8%
The Silence of the Lambs
51.8%
Chariots of Fire
51.8%
Out of Africa
51.2%
Terms of Endearment
49.3%
The Sound of Music
47%
Lawrence of Arabia
45%
The Best Years of Our Lives
41.7%
In the Heat of the Night
31.1%
The Life of Emile Zola
24.1%
Birdman or (The Unexpected Virtue of Ignorance)
13.1%

You're not logged in!

Compare scores with friends on all Sporcle quizzes.
Join for Free
OR
Log In

Show Comments

Extras

Top Quizzes Today


Score Distribution

Your Account Isn't Verified!

In order to create a playlist on Sporcle, you need to verify the email address you used during registration. Go to your Sporcle Settings to finish the process.

Report this User

Report this user for behavior that violates our Community Guidelines.

Details: